000 00603nam a22001937a 4500
999 _c158201
_d158201
005 20181020141534.0
010 _aENG-124340
020 _a9789353061685
_c249.00
035 _aEN-107872
037 _bDBAD/PUB
082 _a000
100 _aGagrani, Harsh
245 _aGeneral knowledge /
_cby Harsh Gagrani [and] Abhishek Dubey
260 _aNoida
_bPearson
_c2019
270 _a15th Floor, Tower B, Worls Trade Tower, Plot No.1, Block -C
_bNoida (UP)
_e201301
300 _axx, various paging
_c22cm.(pbk)
_bill.
700 _a Dubey, Abhishek
942 _2ddc
_cEN
_h000
_mGAG